00519 a2200157 4500003000500000038000600005082001000011100001700021245010900038260003200147300003300179500006500212563000600277700002100283856005700304NUST aa aBEE-5 aAmmara Nasim a3D echocardiography fusion to improve image quality, leading to improved disease diagnosiscAmmara Nasim aIslamabadbNUST-SEECSc2012 a87p.b;ill.c;27cm.+eCD ROM aSupervisors: Dr. Muhammad Shahzad Younis, Dr. Khasif Rajpoot aa aAisha Gul Hafeez uhttp://10.250.8.41:8080/xmlui/handle/123456789/21895